000 00645cam a2200241ua 4500
001 4479704
003 ARRUPE
005 20150121112208.0
008 830225s1982 enk 000 0 eng d
020 _a0854391991
035 _a(OCoLC)9258249
035 _a(OCoLC)ocm09258249
035 _a(NNC)4479704
040 _aNNUT
_cNNUT
_dCStRLIN
090 _aBT767
_b.H37 1982
100 1 _aHäring, Bernhard,
_d1912-
_914441
245 1 0 _aCalled to holiness /
_cBernard Häring.
260 _aSlough :
_bSt Paul Publications,
_c1982.
300 _a73 p. ;
_c21 cm.
650 0 _aHoliness.
_914442
942 _2lcc
_cMONOGRAPH
999 _c121834
_d121834